| 000 | 00805nam a2200205 a 4500 | ||
|---|---|---|---|
| 008 | 100118s1992 ||||||||||||||||| || u | ||
| 020 | _a0070067783 | ||
| 050 | _aTA 710.5 Bow | ||
| 100 | _aBowles, Joseph E | ||
| 245 | 1 | 0 |
_aEngineering properties of soils and their measurement. -- 4th ed. _cJoseph E. Bowles |
| 250 | _a4th ed. | ||
| 260 |
_aBoston _bIrwin/McGraw-Hill _c1992 |
||
| 300 | _a241p. [various pagings]: ill. + Disket | ||
| 350 | _a0.00 | ||
| 500 | _aAccompanied by a Disket (See Cybrary staff) | ||
| 650 | _aSOIL--TESTING--LABORATORY MANUALS | ||
| 650 | _aSOIL MECHANICS--LABORATORY MANUALS | ||
| 650 | _aSOILS | ||
| 995 |
_D0.00 _FCBU-MAIN LIBRARY (Kitwe) _H1 _I0.00 _M1 _UAVAILABLE _WFeb 19, 2010 _ZMain Library Open Access Collection |
||
| 999 |
_c41989 _d41989 |
||